U.S. global change data information system: www.gcdis.usgcrp.gov (Registro nro. 16593)

Detalles MARC
000 -CABECERA
Campo de control 006320000a22002170004500
090 ## - CLASIFICACIÓN LOCAL
Colección MM
Consecutivo 00071
041 0# - IDIOMA
Código de idioma para texto/pista de sonido o título separado
044 ## - PAÍS DE PUBLICACIÓN
País de publicación
245 10 - MENCION DE TITULO
Título U.S. global change data information system: www.gcdis.usgcrp.gov
260 ## - PUBLICACION, DISTRIBUCION, ETC. (PIE DE IMPRENTA)
Lugar de publicación, distribución, etc. s.l.
Nombre del editor, distribuidor, etc. s.n.
Fecha de publicación, distribución, etc. 1997
300 ## - DESCRIPCION FISICA
Extensión 11 min.
Otros detalles físicos VHS
650 14 - ASIENTO SECUNDARIO DE MATERIA - TERMINO TEMATICO
Término temático o nombre geográfico como elemento de entrada Sistemas de información
650 14 - ASIENTO SECUNDARIO DE MATERIA - TERMINO TEMATICO
Término temático o nombre geográfico como elemento de entrada Cambio climático
650 14 - ASIENTO SECUNDARIO DE MATERIA - TERMINO TEMATICO
Término temático o nombre geográfico como elemento de entrada Organizaciones ambientales
650 14 - ASIENTO SECUNDARIO DE MATERIA - TERMINO TEMATICO
Término temático o nombre geográfico como elemento de entrada Climatología
650 14 - ASIENTO SECUNDARIO DE MATERIA - TERMINO TEMATICO
Término temático o nombre geográfico como elemento de entrada Satélites
650 14 - ASIENTO SECUNDARIO DE MATERIA - TERMINO TEMATICO
Término temático o nombre geográfico como elemento de entrada Satélite NOAA
651 #4 - ASIENTO SECUNDARIO DE MATERIA - NOMBRE GEOGRAFICO
-- Estados Unidos
700 1# - ASIENTO SECUNDARIO - NOMBRE PERSONAL
Nombre personal Vaugham, Michael
Key for music Ed.
942 ## - ELEMENTOS ADICIONALES (KOHA)
Tipo de ítem CD-ROM
Existencias
Withdrawn status Lost status Sistema de Clasificación Damaged status No para préstamo Colección Ubicación Permanente Ubicación actual Fecha de adquisición Total Checkouts Número topográfico Inventario / Código de Barras Date last seen Ejemplar Price effective from Forma de adquisición Tipo de material
    Local     Audiovisual Bogotá Bogotá 09/02/2017   AV-00071 014173 25/03/2015 Ej. 1 25/03/2015 Donación VHS